000 00649nam a22002177a 4500
999 _c4973
_d4973
003 AR-CdUCM
008 190311b ||||| |||| 00| 0 spa d
040 _aMUNICIPALIDAD PROVINCIAL DEL CUSCO
_cBIBLIOTECA MUNICIPAL DEL CUSCO
082 _a869.56 /
_bA45
100 _aAlva Herrera, Horacio
_914675
245 _aCantos de mar y soledad /
260 _aTrujillo :
_c1964.
300 _a38 paginas ;
_c21 cm.
500 _aDonación familia Nieto.
505 _aContenido :Cantos de mar y soledad.
650 _aCuentos peruanos
_97
650 _aCantos peruanos
_915234
650 _aHistorietas
_910786
942 _2ddc
_cLIBROS
945 _arum